Objets A-Z en images - Statistiques

Statistiques générales
  • Ce quiz a été pris 336 fois
  • Le résultat moyen est 21 sur 26
Statistiques - réponses
Par images Hint Réponse % Correct
C Clé
100%
H Hache
98%
I Imprimante
97%
M Manette
97%
P Parasol
97%
V Vase
97%
G Grille-pain
96%
R Radiateur
96%
Y Yo-yo
96%
N Niche
95%
O Oreiller
95%
E Enceinte audio
94%
S Sablier
92%
X Xylophone
90%
B Baume à lèvre
89%
T Totem
89%
L Lance à incendie
85%
U Ukulélé
81%
J Jeton
78%
F Fiole
77%
W Webcam
72%
Q Queue de billard
61%
A Alternateur
37%
K Kaléidoscope
35%
D Dessous de plat
34%
Z Zesteur
32%
Aucun quiz correspondant
Distribution des résultats
% des personnes avec chaque résultat
Percentile par nombre de réponses
Votre historique - résultats
Vous n’avez pas pris ce quiz